000 00316nam a22001337a 4500
008 170929b xxu||||| |||| 00| 0 eng d
020 _a9780669490060
041 _aeng
080 _a37
100 _a47
101 _aEDU
245 _aHANDBOOK A STUDENT FOR READING AND LEARNING
_cMILFIN.M
942 _2udc
_cBK
999 _c30609
_d30609